| 000 | 00907nam a2200253 a 4500 | ||
|---|---|---|---|
| 001 | BRCA_5461 | ||
| 005 | 20190320205104.0 | ||
| 008 | 221210s1946----enk#######---#000-0#eng-# | ||
| 041 | _aeng | ||
| 044 | _aenk | ||
| 050 | 4 |
_aDA410 _b.T46 1945 |
|
| 100 | 1 |
_aThomas, Hanry _913950 |
|
| 245 | 1 | 0 |
_aAnti-English propaganda in the Time of Queen Elizabeth _bbeing the history of tne first English Printing in the Peninsula _cby Henry Thomas |
| 260 |
_aGran Bretaña _bOxford University Press _c1946 |
||
| 300 |
_a20 p., 2 hojas plegables _c23 cm. |
||
| 440 | 0 |
_aHispanic notes & monographs: essays, studies, and brief biographies issued by the Hispanic Society of America _97657 |
|
| 500 | _aCon dos facsimiles | ||
| 500 | _aM41 | ||
| 650 | 1 | 4 |
_aPropaganda _913951 |
| 650 | 1 | 4 |
_aImprenta _xHistoria _97419 |
| 651 | 4 |
_aGran Bretaña _xHistoria _yElizabeth I, 1598-1601 _913952 |
|
| 902 | _aGFM | ||
| 942 |
_2lcc _cB |
||
| 999 |
_c5155 _d5155 |
||